FOUNDATIONS of early childhood: principles and practice
Guardat en:
| Format: | Llibre |
|---|---|
| Idioma: | anglès |
| Publicat: |
Sage Publications,
2014
|
| Etiquetes: |
Afegir etiqueta
Sense etiquetes, Sigues el primer a etiquetar aquest registre!
|
MARC
| LEADER | 00000nam a22000007a 4500 | ||
|---|---|---|---|
| 008 | 210528b ||||| |||| 00| 0 eng d | ||
| 020 | |a 978-1-4462-5529-2 | ||
| 245 | |a FOUNDATIONS of early childhood: |b principles and practice |c Penny Mukherji and Louise Dryden. |g xvii, 414p. | ||
| 250 | |c Penny Mukherji and Louise Dryden | ||
| 260 | |b Sage Publications, |c 2014 |h Los Angeles: |i 692142 |i 692143 |l LB1139.23 .F73 |m Early childhood education. |m Education. | ||
| 500 | |a “It includes references and index”. | ||
| 942 | |a lcc |c BK |e Adeniran, F. A. |f 28/05/2021 | ||
| 952 | |0 0 |1 0 |2 lcc |4 0 |6 LB113923 F73 |7 0 |9 2497 |a HOL |b ED |c LP |d 2021-05-28 |l 0 |o LB1139.23 .F73 |p 2021-6349 |r 2021-05-28 00:00:00 |w 2021-05-28 |y BK | ||
| 952 | |0 0 |1 0 |2 lcc |4 0 |6 LB113923 F73 |7 0 |9 2498 |a HOL |b HOL |c LP |d 2021-05-28 |l 0 |o LB1139.23 .F73 |p 2021-6350 |r 2021-05-28 00:00:00 |w 2021-05-28 |y BK | ||
| 999 | |c 1300 |d 1300 | ||